| 000 | 00331nam a2200109Ia 4500 | ||
|---|---|---|---|
| 008 | 200302s9999 xx 000 0 und d | ||
| 100 | _aFabio Schillaci | ||
| 245 | _aConsturction and Design Manual Architectural Renderings History and Theory Studios & Practices | ||
| 260 | _bDom Publishing Co., | ||
| 260 | _c2009 | ||
| 300 | _a465 P., | ||
| 999 |
_c3154 _d3154 |
||